000 00556nam a2200181 u 4500
003 AM-YeHGA
040 _aAM-YeHGA
090 _c438068
005 20250617155608.0
008 110428s1959 ru r 000 0 rus d
041 0 _arus
100 1 _aЕгоров, Иван Андреевич
245 1 0 _aАминопласты /
_cИ.А. Егоров
260 _aВладимир :
_bВладимир. кн. изд-во,
_c1959
300 _a24 с.
_c.
650 1 4 _aПластмассы - Производство изделий
942 _2udc
_cBK
999 _c435437
_d435437